Education for peace : (Record no. 1463)
[ view plain ]
| 000 -LEADER | |
|---|---|
| fixed length control field | 00778nam a22002177a 4500 |
| 005 - DATE AND TIME OF LATEST TRANSACTION | |
| control field | 20230512221225.0 |
| 008 - FIXED-LENGTH DATA ELEMENTS--GENERAL INFORMATION | |
| fixed length control field | 180205t xxu||||| |||| 00| 0 eng d |
| 020 ## - INTERNATIONAL STANDARD BOOK NUMBER | |
| International Standard Book Number | 9716856965 |
| 040 ## - CATALOGING SOURCE | |
| Transcribing agency | CSPC |
| 082 0# - DEWEY DECIMAL CLASSIFICATION NUMBER | |
| Classification number | 303.660711 |
| Item number | D483e |
| 100 ## - MAIN ENTRY--PERSONAL NAME | |
| Personal name | De Torres, Amor Q., |
| Relator term | author. |
| 245 00 - TITLE STATEMENT | |
| Title | Education for peace : |
| Remainder of title | a sourcebook in peace education / |
| Statement of responsibility, etc. | Amor Q. De Torres |
| 260 ## - PUBLICATION, DISTRIBUTION, ETC. | |
| Place of publication, distribution, etc. | Quezon City : |
| Name of publisher, distributor, etc. | Lorimar Publishing. |
| Date of publication, distribution, etc. | 2008. |
| 300 ## - PHYSICAL DESCRIPTION | |
| Extent | 60 pages : |
| Other physical details | tables ; |
| Dimensions | 22 cm. |
| 504 ## - BIBLIOGRAPHY, ETC. NOTE | |
| Bibliography, etc. note | Includes Bibliographic Reference page(60) |
| 650 10 - SUBJECT ADDED ENTRY--TOPICAL TERM | |
| Topical term or geographic name entry element | Peace |
| General subdivision | Study and teaching (Higher) Peace-building. |
| 650 10 - SUBJECT ADDED ENTRY--TOPICAL TERM | |
| Topical term or geographic name entry element | Peace. |
| 942 ## - ADDED ENTRY ELEMENTS (KOHA) | |
| Koha item type | |
| -- | FIL 303.660711 D483e 2008 |
| Withdrawn status | Lost status | Damaged status | Not for loan | Home library | Current library | Shelving location | Date acquired | Total Checkouts | Full call number | Barcode | Date last seen | Copy number | Price effective from | Koha item type | Date last checked out |
|---|---|---|---|---|---|---|---|---|---|---|---|---|---|---|---|
| Main Library | Main Library | Filipiniana Section | 05/12/2023 | FIL 303.660711 D483e 2008 | 014047 | 05/12/2023 | 1-5 | 05/12/2023 | Books | ||||||
| Main Library | Main Library | Filipiniana Section | 05/12/2023 | FIL 303.660711 D483e 2008 | 014048 | 05/12/2023 | 2-5 | 05/12/2023 | Books | ||||||
| Main Library | Main Library | Filipiniana Section | 05/12/2023 | FIL 303.660711 D483e 2008 | 014049 | 05/12/2023 | 3-5 | 05/12/2023 | Books | ||||||
| Main Library | Main Library | Filipiniana Section | 05/12/2023 | FIL 303.660711 D483e 2008 | 014050 | 05/12/2023 | 4-5 | 05/12/2023 | Books | ||||||
| Main Library | Main Library | Filipiniana Section | 05/12/2023 | 1 | FIL 303.660711 D483e 2008 | 014051 | 02/22/2024 | 5-5 | 05/12/2023 | Books | 01/15/2024 |